书目信息 |
| 题名: |
行板如歌向未来
|
|
| 作者: | 杨九俊 著 | |
| 分册: | ||
| 出版信息: | 南京 江苏凤凰教育出版社 2020 |
|
| 页数: | 273页 | |
| 开本: | 24cm | |
| 丛书名: | ||
| 单 册: | ||
| 中图分类: | G63-53 , G63 | |
| 科图分类: | ||
| 主题词: | 中小学教育--文集 | |
| 电子资源: | ||
| ISBN: | 978-7-5499-8591-3 | |
| 000 | 00945nam0 2200253 450 | |
| 001 | 2359321334 | |
| 005 | 20231208162919.57 | |
| 010 | @a978-7-5499-8591-3@dCNY 48.00 | |
| 100 | @a20200914d2020 em y0chiy0120 ea | |
| 101 | 0 | @achi |
| 102 | @aCN@b320000 | |
| 105 | @ay z 000yy | |
| 200 | 1 | @a行板如歌向未来@Axing ban ru ge xiang wei lai@b专著@e《幸福教育的样子》第四集@f杨九俊著 |
| 210 | @a南京@c江苏凤凰教育出版社@d2020 | |
| 215 | @a273页@d24cm | |
| 300 | @a大教育书馆 | |
| 330 | @a本书分为在场的凝思、变革的奏鸣、生命的升腾三部分,收录了《幸福在哪里?》《做一个幸福的老师》《文化语文:锻造美丽的金蔷薇》《以改进实践为宗旨》《向斯霞老师学备课》《从具身学习看情境教育》等文章。 | |
| 517 | 1 | @a《幸福教育的样子》第四集@A《 xing fu jiao yu de yang zi 》 di si ji |
| 606 | 0 | @a中小学教育@j文集 |
| 690 | @aG63-53@v5 | |
| 690 | @aG63@v4 | |
| 701 | 0 | @a杨九俊@Ayang jiu jun@4著 |
| 801 | 2 | @aCN@b辽宁北配@c20231205 |
| 905 | @aBZT@dG63@e48 | |
| 行板如歌向未来:《幸福教育的样子》第四集/杨九俊著.-南京:江苏凤凰教育出版社,2020 |
| 273页;24cm |
| 大教育书馆 |
| ISBN 978-7-5499-8591-3:CNY 48.00 |
| 本书分为在场的凝思、变革的奏鸣、生命的升腾三部分,收录了《幸福在哪里?》《做一个幸福的老师》《文化语文:锻造美丽的金蔷薇》《以改进实践为宗旨》《向斯霞老师学备课》《从具身学习看情境教育》等文章。 |
| ● |
| 相关链接 |
|
|
|
正题名:行板如歌向未来
索取号:G63/48
 
预约/预借
| 序号 | 登录号 | 条形码 | 馆藏地/架位号 | 状态 | 备注 |
| 1 | 2001558440 | 2001558440 | 辽三/辽宁北配(第三批)/1319/ [索取号:G63/48] | 在馆 | |
| 2 | 2001558441 | 2001558441 | 辽三/辽宁北配(第三批)/1319/ [索取号:G63/48] | 在馆 | |
| 3 | 2001558442 | 2001558442 | 辽三/辽宁北配(第三批)/1319/ [索取号:G63/48] | 在馆 | |
| 4 | 2001558443 | 2001558443 | 辽三/辽宁北配(第三批)/1319/ [索取号:G63/48] | 在馆 | |
| 5 | 2001558444 | 2001558444 | 辽三/辽宁北配(第三批)/1319/ [索取号:G63/48] | 在馆 | |
| 6 | 2001558445 | 2001558445 | 辽三/辽宁北配(第三批)/1319/ [索取号:G63/48] | 在馆 | |
| 7 | 2001558446 | 2001558446 | 辽三/辽宁北配(第三批)/1319/ [索取号:G63/48] | 在馆 | |
| 8 | 2001558447 | 2001558447 | 辽三/辽宁北配(第三批)/1319/ [索取号:G63/48] | 在馆 | |
| 9 | 2001558448 | 2001558448 | 辽三/辽宁北配(第三批)/1319/ [索取号:G63/48] | 在馆 | |
| 10 | 2001558449 | 2001558449 | 辽三/辽宁北配(第三批)/1319/ [索取号:G63/48] | 在馆 | |
| 11 | 2001558450 | 2001558450 | 辽三/辽宁北配(第三批)/1319/ [索取号:G63/48] | 在馆 | |
| 12 | 2001558451 | 2001558451 | 辽三/辽宁北配(第三批)/1320/ [索取号:G63/48] | 在馆 | |
| 13 | 2001558452 | 2001558452 | 辽三/辽宁北配(第三批)/1320/ [索取号:G63/48] | 在馆 | |
| 14 | 2001558453 | 2001558453 | 辽三/辽宁北配(第三批)/1320/ [索取号:G63/48] | 在馆 | |
| 15 | 2001558454 | 2001558454 | 辽三/辽宁北配(第三批)/1320/ [索取号:G63/48] | 在馆 | |
| 16 | 2001558455 | 2001558455 | 辽三/辽宁北配(第三批)/1320/ [索取号:G63/48] | 在馆 | |
| 17 | 2001558456 | 2001558456 | 辽三/辽宁北配(第三批)/1320/ [索取号:G63/48] | 在馆 | |
| 18 | 2001558457 | 2001558457 | 辽三/辽宁北配(第三批)/1320/ [索取号:G63/48] | 在馆 | |
| 19 | 2001558458 | 2001558458 | 辽三/辽宁北配(第三批)/1320/ [索取号:G63/48] | 在馆 | |
| 20 | 2001558459 | 2001558459 | 辽三/辽宁北配(第三批)/1320/ [索取号:G63/48] | 在馆 | |
| 21 | 2001558460 | 2001558460 | 辽三/辽宁北配(第三批)/1320/ [索取号:G63/48] | 在馆 | |
| 22 | 2001558461 | 2001558461 | 辽三/辽宁北配(第三批)/1320/ [索取号:G63/48] | 在馆 | |
| 23 | 2001558462 | 2001558462 | 辽三/辽宁北配(第三批)/1320/ [索取号:G63/48] | 在馆 | |
| 24 | 2001558463 | 2001558463 | 辽三/辽宁北配(第三批)/1320/ [索取号:G63/48] | 在馆 | |
| 25 | 2001558464 | 2001558464 | 辽三/辽宁北配(第三批)/1320/ [索取号:G63/48] | 在馆 |